CHILD TAMING :HOW TO MANAGE CHILDREN IN DENTAL PRACTICE (Record no. 9869)

MARC details
000 -LEADER
fixed length control field 00365nam a22001457a 4500
020 ## - INTERNATIONAL STANDARD BOOK NUMBER
International Standard Book Number 1-85097-062-9
082 ## - DEWEY DECIMAL CLASSIFICATION NUMBER
Classification number 617.645,C03C
100 ## - MAIN ENTRY--PERSONAL NAME
Personal name CHADWICK,BARBARA.L
245 ## - TITLE STATEMENT
Title CHILD TAMING :HOW TO MANAGE CHILDREN IN DENTAL PRACTICE
250 ## - EDITION STATEMENT
Edition statement 1ST
260 ## - PUBLICATION, DISTRIBUTION, ETC. (IMPRINT)
Place of publication, distribution, etc LONDON
Name of publisher, distributor, etc QUINTESSENCE PUBLISHING
Year of Publication 2003
300 ## - PAGE DESCRIPTION
No. of Pages 127
650 ## - SUBJECT ADDED ENTRY--TOPICAL TERM
Topical term or geographic name as entry element PEDODONTICS
942 ## - ADDED ENTRY ELEMENTS (KOHA)
Source of classification or shelving scheme Dewey Decimal Classification
Koha item type Books
Holdings
Withdrawn status Lost status Source of classification or shelving scheme Damaged status Not for loan Home library Current library Shelving location Date acquired Vendor Name Cost, normal purchase price SGTU Bill Number Total Checkouts Full call number Accession No. (Barcode) Date last seen Bill Date Koha item type
    Dewey Decimal Classification     SGT Dental Library SGT Dental Library Reference Book 06/09/2016 ABC 2828.00 SGTU 6923   617.645,C03C FD7411 06/09/2016   Books